00754nam a2200241Ia 4500003000400000005001700004008004100021020001800062040000700080041000800087082001700095245004800112250000600160260005200166300001600218365001300234650001900247650002200266906005000288942001200338999001900350952014300369OSt20230403114800.0210423s2009 xx 000 0 und d a9788176710619 cAL aeng a070.415 MLAH aMLA handbook for writers of research papers a7 aNew DelhibAffiliated East West Press Ltdc2009 axxi,292bPB b160cINR aEditing982550 aJournalism982551 ahandbook ; MLA ; papers. ; research ; writers 2ddccBK c157972d157972 001040708MAENGaSACPGbSACPGd2010-06-15eHigginbothams Pvt Ltdg160.00l0o070.415 MLAHpPG004449r2022-08-24 00:00:00w2021-04-26yBK